| 000 | 01686nam a2200349 i 4500 | ||
|---|---|---|---|
| 001 | 000044791 | ||
| 003 | DO-SdBNP | ||
| 005 | 20231222112026.0 | ||
| 006 | a||||gr|||| 00| 0 | ||
| 007 | ta | ||
| 008 | 150112e2014 dr ac 000 0 spa d | ||
| 020 | _a9789945891614 | ||
| 040 |
_aDO-SdBNP _bspa _cBNPHU _erda |
||
| 082 | 4 |
_222 _bP649a |
|
| 100 | 1 |
_aPineda, Jorge _97045 _eautor |
|
| 245 | 1 | 0 |
_aJorge Pineda: _bAfter All Tomorrow Is Another Day / _cJorge Pineda, Fernando Castro Flórez, Consuelo Ciscar, María Elena Ditrén, Sarah Herman, Suset Sánchez... [y otros]; editado por Orlando Isaac |
| 264 |
_aSanto Domingo : _bMinisterio de Cultura _c2014. |
||
| 300 |
_a191 páginas, [120 láminas] : _bIlustraciones, retratos ; _c30 cm. _e+ Anexo |
||
| 336 |
_2rdacontent _atexto _btxt |
||
| 337 |
_2rdamedia _asin mediación _bn |
||
| 338 |
_2rdacarrier _avolumen _bnc |
||
| 500 | _aContiene anexo. | ||
| 505 | 0 |
_tMetáforas de la sociedad global _gConsuelo Ciscar _tInfancia, trauma, camuflaje y otras formas de enmascaramiento _gFernando Castro Flórez _tMás allá de lo lucido: un espacio para la reflexión _gMaría Elena Ditrén _tEntrevista. Explicando a la liebre _gSarah Herman _tJorge Pineda, desde dentro y a solas pululando bajo la mirada de Dios y de los perros _gSuset Sánchez _tListado de obras _tCurriculum _tEquipo de trabajo |
|
| 590 | _aInventariado 2023 / MF | ||
| 700 | 1 |
_aCastro Flóres, Fernando, _eautor _94058 |
|
| 700 | 1 |
_aCiscar, Consuelo _eautor _972811 |
|
| 700 | 1 |
_aDitrén, María Elena _eautor _957565 |
|
| 700 | 1 |
_aHerman, Sarah _eautor _972812 |
|
| 700 | 1 |
_aSánchez, Suset _eautor _972813 |
|
| 700 | 1 |
_aIsaac , Orlando _eilustrador _977680 |
|
| 942 |
_2ddc _cLBS1 |
||
| 999 |
_c44280 _d44280 |
||